000 00728nam a2200289Ia 4500
005 20260324123220.0
008 008 260324s9999 xx 000 0 eng d
020 _a9780203800478
037 _aEBOOK
040 _aCRL
040 _beng
040 _cCRL
041 _2eng
041 _aeng
084 _qCRL
100 _aRagnhild Johnsrud Zorgati
_91169473
245 0 _aPluralism in the Middle Ages
245 0 _bHybrid Identities, Conversion, and Mixed Marriages in Medieval Iberia
260 _bTaylor and Francis
260 _c2012
365 _a
365 _b255
856 _uhttp://www.taylorfrancis.com/books/9780203800478
942 _cEBOOK
999 _c1762791
_d1762791